Catálogo

El arte de amar en la familia : (Registro nro. 62932)

Detalles MARC
000 -LEADER
fixed length control field 00743nam a2200217 a 4500
001 - CONTROL NUMBER
control field 62932
005 - DATE AND TIME OF LATEST TRANSACTION
control field 20180714065140.0
008 - FIXED-LENGTH DATA ELEMENTS--GENERAL INFORMATION
fixed length control field 150616s1999 sp r 000 0 spa d
020 ## - INTERNATIONAL STANDARD BOOK NUMBER
International Standard Book Number 9788489651609
041 0# - LANGUAGE CODE
Language code of text/sound track or separate title spa
082 0# - DEWEY DECIMAL CLASSIFICATION NUMBER
Classification number 649.65
Item number LUB
100 1# - MAIN ENTRY--PERSONAL NAME
Personal name Lubich, Chiara,
Dates associated with a name 1920-2008
Relator term autor
245 13 - TITLE STATEMENT
Title El arte de amar en la familia :
Remainder of title respuestas para la vida diaria /
Statement of responsibility, etc. Lubich Chiara ; presentación de Anna María y Danilo Zanzucchi.
250 ## - EDITION STATEMENT
Edition statement Primera edición
264 #1 - PRODUCTION, PUBLICATION, DISTRIBUTION, MANUFACTURE, AND COPYRIGHT NOTICE
Place of production, publication, distribution, manufacture España :
Name of producer, publisher, distributor, manufacturer Editorial Ciudad Nueva,
Date of production, publication, distribution, manufacture, or copyright notice 1999
300 ## - PHYSICAL DESCRIPTION
Extent 141 páginas ;
Dimensions 21 cm.
336 ## - CONTENT TYPE
Content type term texto
Source rdacontent
337 ## - MEDIA TYPE
Media type term sin mediación
Source rdamedia
338 ## - CARRIER TYPE
Carrier type term volumen
Source rdacarrier
650 #4 - SUBJECT ADDED ENTRY--TOPICAL TERM
Topical term or geographic name entry element Educación para la vida familiar
Existencias
Withdrawn status Lost status Source of classification or shelving scheme Damaged status Not for loan Collection code Home library Current library Shelving location Date acquired Source of acquisition Inventory number Total Checkouts Full call number Barcode Date last seen Date last checked out Price effective from Koha item type
    Dewey Decimal Classification     General Biblioteca Karol Wojtyla Biblioteca Karol Wojtyla Sala general 16/06/2015 Compra 151000000000000000025261   649.65 LUB 1999 94107 05/01/2026 29/04/2017 06/03/2017 Libro